Sports Quiz

Random Sports or Football Quiz
Score 0/30 Timer 06:00
0 Plays Today
Years Player % Correct
2015, 2016, 2017, 2018, 2019Stephen Cluxton
100%
2015Alan Brogan
96.6%
2016, 2016, 2017Bernard Brogan
96.6%
2015, 2016, 2017, 2018, 2019Jonny Cooper
95.5%
2015, 2016, 2017, 2018, 2019Brian Fenton
95.5%
2015, 2016, 2018, 2019Michael Darragh MacAuley
94.3%
2015, 2016, 2017, 2018Philly McMahon
90.9%
2015, 2017, 2018, 2019Jack McCaffrey
87.5%
2015, 2016, 2017, 2018, 2019Ciarán Kilkenny
86.4%
2015, 2016, 2017, 2018, 2019James McCarthy
86.4%
2015, 2016, 2017, 2018, 2019Michael Fitzsimons
84.1%
2015, 2016, 2017, 2018, 2019Dean Rock
84.1%
2018, 2019Brian Howard
84.1%
2015, 2016, 2017, 2019Diarmuid Connolly
83%
2017, 2018, 2019Con O'Callaghan
83%
Years Player % Correct
2015, 2016, 2017, 2018, 2019Cian O'Sullivan
81.8%
2016, 2017, 2018, 2019Paul Mannion
81.8%
2015, 2016, 2017, 2018, 2019John Small
80.7%
2017Eoghan O'Gara
80.7%
2015, 2016, 2017Paul Flynn
79.5%
2015Denis Bastick
77.3%
2016, 2019David Byrne
72.7%
2015Rory O'Carroll
72.7%
2018, 2019Eoin Murchan
71.6%
2015, 2016, 2017, 2018, 2019Kevin McManamon
65.9%
2017, 2018, 2019Niall Scully
65.9%
2015, 2016, 2017Paddy Andrews
64.8%
2015, 2016, 2018Darren Daly
53.4%
2016, 2017, 2018, 2019Cormac Costello
51.1%
2016, 2018Eric Lowndes
37.5%

You're not logged in!

Compare scores with friends on all Sporcle quizzes.
OR
Log In

Sporcle TV

Today on Sporcle TV


Watch our educational content, quiz creation guides, and fun videos on Sporcle TV.

Show Comments

Extras

Top Quizzes Today


Score Distribution

Paid Content

Your Account Isn't Verified!

In order to create a playlist on Sporcle, you need to verify the email address you used during registration. Go to your Sporcle Settings to finish the process.

Report this User

Report this user for behavior that violates our Community Guidelines.

Details: